Drainage Manual : A Water Resources Technical Publication (Record no. 5892)
[ view plain ]
| 000 -LEADER | |
|---|---|
| fixed length control field | 01093cam a2200157ua 4500 |
| 003 - CONTROL NUMBER IDENTIFIER | |
| control field | OSt |
| 008 - FIXED-LENGTH DATA ELEMENTS--GENERAL INFORMATION | |
| fixed length control field | 220219b ||||| |||| 00| 0 eng d |
| 082 ## - DEWEY DECIMAL CLASSIFICATION NUMBER | |
| Classification number | 627.5 |
| Item number | AWA/DR |
| 245 ## - TITLE STATEMENT | |
| Title | Drainage Manual : A Water Resources Technical Publication |
| 250 ## - EDITION STATEMENT | |
| Edition statement | 1 / |
| 260 ## - PUBLICATION, DISTRIBUTION, ETC. (IMPRINT) | |
| Place of publication | New Delhi : |
| Name of publisher | Oxford & IBH Publishing Company , |
| Year of publication | 1978. |
| 300 ## - PHYSICAL DESCRIPTION | |
| Number of Pages | 286 ; . |
| 500 ## - GENERAL NOTE | |
| General note | A guide to integrating plant, soil, and water relationships for drainage of irrigated lands. |
| 505 ## - FORMATTED CONTENTS NOTE | |
| Formatted contents note | 1 INTRODUCTION<br/>2 BASIC DATA<br/>3 FIELD AND LABORATORY PROCEDURES<br/> A . IN-PLACE HYDRAULIC CONDUCTIVITY TESTSBELOW A WATER TABLE <br/> B. IN-PLACE HYDRAULIC CONDUCTIVITY TESTSABOVE A WATER TABLE <br/> C. LABORATORY TESTS FOR HYDRAULIC CONDUCTIVITY. <br/> D. OBSERVATION HOLES AND PIEZOMETERS <br/>4 DRAINAGE INVESTIGATIONS<br/>5 DESIGN AND CONSTRUCTION<br/> A. SPACING OF DRAINS <br/> B. INTERCEPTOR DRAINS. <br/> C.OPENDRAINS <br/> D. PIPE DRAINS <br/> E. SPECIAL DRAIN TYPES <br/> F. INVESTIGATION AND LAYOUT FOR DRAINS .<br/>6 OPERATION AND MAINTENANCE OF DRAINAGE SYSTEMS<br/>7 SPECIAL DRAINAGE PROBLEMS |
| 942 ## - ADDED ENTRY ELEMENTS (KOHA) | |
| Koha item type | Reference |
| Withdrawn status | Lost status | Damaged status | Home library | Current library | Date acquired | Full call number | Accession Number | Koha item type | Collection code | Shelving location |
|---|---|---|---|---|---|---|---|---|---|---|
| KAUAET | 07/04/2012 | 028.72631 | 16993 | Books | ||||||
| KAUAET | 20/08/1986 | 028.72631 | 15406 | Books | ||||||
| KAUAET | KAUAET | 07/04/2012 | 627.5.AWA/DR | 14657 | Reference | Reference | Reference |
